Statistiken für Formel 1 Motoren 2022

Klicken Sie hier um das Quiz zu spielen!

Allgemein

  • Dieses Quiz wurde 699 mal gespielt
  • Das Durchschnittsergebnis liegt bei 10 aus 10

Antwortstatistiken

TeamMotor% Korrekt
FerrariFerrari 066/7
100%
MercedesMercedes-AMG F1 M13 E Performance
99%
Red BullRed Bull RBPTH001
98%
AlphaTauriRed Bull RBPTH001
96%
McLarenMercedes-AMG F1 M13 E Performance
95%
Alfa RomeoFerrari 066/7
94%
HaasFerrari 066/7
94%
WilliamsMercedes-AMG F1 M13 E Performance
94%
Aston MartinMercedes-AMG F1 M13 E Performance
93%
AlpineRenault E-Tech RE22
91%

Verteilung der Resultate

Perzentil nach korrekt beantworteten Fragen

Anzahl Personen mit jedem Resultat

Ihre Resultats-Entwicklung

Sie haben dieses Quiz noch nicht gespielt